000 00317nam a22001457a 4500
008 210527b ||||| |||| 00| 0 eng d
020 _a9780534495657
041 _aeng
080 _a573
082 _a573
100 _a11
101 _aBIO
245 _aBiology today and tomorrow
_cEvers,Ch.A
942 _2udc
_cBK
999 _c57672
_d57672